1274 1942 1220 1893 1622 1131 1985 1999 1434 1955 1758 1466 1878 1421 1996 1045 1266 1764 1656 1477 1349 1785 1049 1840 1015 1667 1854 1271 1609 1943 1484 1873 1975 1236 1293 1909 1321 1978 1477 1854 1610 1266 1653 1193 1229 1865 1123 1462 1374 1730 1411 1310 1331 1103 1103 1301 1476 1176 1104 1390 1505 1045 1993 1727 1206 1034 1094 1349 1631 1234 1409 1447 1102 1013 1994 1540 1659 1126 1093 1018 1310 1916 1397 1830 1718 1763 1600 1011 1834 1910 1429 1324 1035 1740 1305 1428 1812 1019 1609 BCNSPRNW ULIB Ver.6.0+V

เปลี่ยนเป็นภาษาไทย

Change to English
 แสดงรายละเอียดบรรณานุกรม
  กลับหน้าหลัก

Brief Record : Get Marc (ISO 2709) : E-mail record : QR code < ปิดหน้าต่าง
LEADER : 00000nam 2200000uu 4500
001    13399122525
003     ULIB
008    130717s2554||||th 000 0 tha d
020    ^a9789744175946
050  4 ^aCS1254^bศ64
110 2  ^aกรมศิลปากร.
245 10 ^aราชสกุลวงศ์ /^cกรมศิลปากร.
250    ^aพิมพ์ครั้งที่ 14
260    ^aกรุงเทพฯ :^bสำนักวรรณกรรมและประวัติศาสตร์ กรมศิลปากร,^c2554
300    ^a282 หน้า ;^c29 ซม. +^eซีดี-รอม 1 แผ่น.
500 คณ ^aะกรรมการฝ่ายประมวลเอกสารและจดหมายเหตุในคณะกรรมการอำนวยการจัดงานเฉลิมพระเกียรติพระบาทสมเด็จพระเจ้าอยู่หัวเนื่องในโอกาสพระราชพิธีมหามงคลเฉลิมพระชนมพรรษา 7 รอบ 5 ธันวาคม2554
650  7 ^aราชสกุล^zไทย^yสมัยรัตนโกสินทร์.
710 2  ^aกรมศิลปากร.^bสำนักวรรณกรรมและประวัติศาสตร์.
945    ^p0^l0^i19977
999    ^aทศพร เกษรทอง
รายการนี้ยังไม่มีแท็ก
คุณยังไม่ได้ล็อกอิน คุณสามารถมีกิจกรรมร่วมกับเว็บไซต์ได้ แต่ต้องล็อกอินก่อน ::
  ล็อกอิน

รายการสื่อสารสนเทศ

ลำดับที่ ประเภท เลขเรียก/บาร์โค้ด สถานที่ สถานะ
1. การศึกษาทั่วไป
การศึกษาทั่วไป
CS1254 ศ64 ฉ.1 
  Barcode: 19977
ห้องสมุดวิทยาเขตสวรรค์ประชารักษ์
►หนังสือทั่วไป
บนชั้น

BibComment


ยังไม่เคยถูกคอมเมนท์

คอมเมนท์ทรัพยากรรายการนี้
  คอมเมนท์: ราชสกุลวงศ์ กรม..


 Copyright 2026. Bcnsprnw @Library